[Event "August 2011"]
[Site "SchemingMind.com"]
[Date "2011.08.31"]
[Round "-"]
[White "Luki212"]
[Black "Milan"]
[Result "1-0"]
[WhiteCountry "SVK"]
[BlackCountry "CZE"]
[WhiteElo "1979"]
[WhiteRD "85"]
[BlackElo "1940"]
[BlackRD "68"]
[GameID "291810"]

1. e4 c5 2. Nf3 Nc6 3. d4 cxd4 4. Nxd4 g6 5. Nc3 Bg7 6. Be3 Nf6 7. Be2 O-O 8. f4 d6 9. O-O a6 10. Nb3 e6
11. Qd2 Qc7 12. Rad1 Ne8 13. Bf3 Ne7 14. Bd4 Bxd4+ 15. Qxd4 b5 16. a3 Qa7 17. Na5 Qxd4+ 18. Rxd4 Rb8 19. Na2 Bb7 20. Nb4 Bc8
21. c4 bxc4 22. Nxc4 Bb7 23. Nxd6 Nxd6 24. Rxd6 Nc8 25. Rd2 Nb6 26. Rc1 Rbc8 27. Rdc2 Rxc2 28. Rxc2 Rc8 29. Rxc8+ Nxc8 30. Kf2 Kf8
31. e5 Bxf3 32. Kxf3 a5 33. Nd3 Nb6 34. Ke3 Ke7 35. Kd4 Kd7 36. Kc5 Nd5 37. Kb5 Ne3 38. Kxa5 Nxg2 39. Kb6 Kc8 40. b4 Ne3
41. a4 Nc4+ 42. Kc6
1-0

[Event "August 2011"]
[Site "SchemingMind.com"]
[Date "2011.08.29"]
[Round "-"]
[White "Scooter"]
[Black "Milan"]
[Result "0-1"]
[WhiteCountry "USA"]
[BlackCountry "CZE"]
[WhiteElo "1861"]
[WhiteRD "57"]
[BlackElo "1954"]
[BlackRD "66"]
[GameID "291811"]

1. d4 d5 2. Nf3 Nf6 3. Bf4 c5 4. e3 Nc6 5. c3 Qb6 6. Qb3 c4 7. Qxb6 axb6 8. Be2 Bf5 9. O-O b5 10. h3 b4
11. Nbd2 e6 12. Ne5 Nxe5 13. Bxe5 Nd7 14. Bg3 b5 15. Nf3 h6 16. Ne5 Nxe5 17. Bxe5 bxc3 18. bxc3 f6 19. Bh5+ Kd7 20. Bg3 Bd3
21. Rfe1 g6 22. Be2 Bxe2 23. Rxe2 b4 24. cxb4 Bxb4 25. Rc2 Ra7 26. Rb1 Bd6 27. Bxd6 Kxd6 28. Rb6+ Kd7 29. Kf1 Re8 30. Rcb2 Kc7
31. R6b5 Kc6 32. Ke2 Rea8 33. Rb6+ Kd7 34. Rb7+ Rxb7 35. Rxb7+ Kc6 36. Rb2 Ra3 37. h4 e5 38. f3 exd4 39. exd4 g5 40. hxg5 hxg5
41. g4 Rd3 42. Rd2 Rxd2+ 43. Kxd2 Kb5 44. Kc3 Ka4 45. Kc2 Ka3
0-1

[Event "August 2011"]
[Site "SchemingMind.com"]
[Date "2011.08.29"]
[Round "-"]
[White "Nate_Young"]
[Black "Milan"]
[Result "1-0"]
[WhiteCountry "AUS"]
[BlackCountry "CZE"]
[WhiteElo "2093"]
[WhiteRD "91"]
[BlackElo "1954"]
[BlackRD "66"]
[GameID "291812"]

1. d4 d5 2. c4 c6 3. Nc3 Nf6 4. Nf3 a6 5. e3 b5 6. b3 b4 7. Na4 e6 8. Bd3 a5 9. Bb2 Na6 10. Ne5 Nd7
11. Nxc6 Qc7 12. cxd5 exd5 13. Rc1 Qd6 14. Nxa5 Nb6 15. Rc6 Nxa4 16. Rxd6 Nxb2 17. Bb5+
1-0

[Event "August 2011"]
[Site "SchemingMind.com"]
[Date "2011.09.03"]
[Round "-"]
[White "mugen9x9"]
[Black "Milan"]
[Result "0-1"]
[WhiteCountry "JPN"]
[BlackCountry "CZE"]
[WhiteElo "1812"]
[WhiteRD "82"]
[BlackElo "1940"]
[BlackRD "68"]
[GameID "291813"]

1. d4 d5 2. c4 c6 3. e3 Nf6 4. Nc3 a6 5. Nf3 b5 6. c5 Bg4 7. Be2 Nbd7 8. O-O e6 9. h3 Bxf3 10. Bxf3 Be7
11. e4 dxe4 12. Nxe4 Nxe4 13. Bxe4 Qc8 14. Qf3 O-O 15. Bxc6 Ra7 16. a4 b4 17. Bf4 a5 18. b3 Nf6 19. Rfe1 Rd8 20. Rad1 Nd5
21. Bxd5 Rxd5 22. Be5 Rad7 23. Rc1 Rd8
0-1

[Event "August 2011"]
[Site "SchemingMind.com"]
[Date "2011.08.30"]
[Round "-"]
[White "ramesse"]
[Black "Milan"]
[Result "1-0"]
[WhiteCountry "SVK"]
[BlackCountry "CZE"]
[WhiteElo "2171"]
[WhiteRD "61"]
[BlackElo "1954"]
[BlackRD "66"]
[GameID "291814"]

1. e4 c5 2. Nf3 Nc6 3. d4 cxd4 4. Nxd4 g6 5. Nc3 Bg7 6. Be3 Nf6 7. Bc4 O-O 8. Bb3 a5 9. O-O Nxd4 10. Bxd4 d6
11. Qe2 b6 12. Rad1 Ba6 13. Bc4 Bxc4 14. Qxc4 Rc8 15. Qe2 Nd7 16. f4 Bxd4+ 17. Rxd4 Qc7 18. Nd5 Qxc2 19. Nxe7+ Kg7 20. Qb5 Qc5
21. Qxc5 Rxc5 22. Rxd6 Nf6 23. e5 Ng8 24. Nxg8 Rxg8 25. Rxb6 Rgc8 26. g3 R8c7 27. Rf2 Rc1+ 28. Kg2 R1c5 29. Ra6 Rd5 30. b3 Rdc5
31. Kf3 h5 32. Rd2 Rc3+ 33. Ke4 R3c5 34. Rd8 Rc2 35. Raa8 f5+ 36. Kd5
1-0

[Event "August 2011"]
[Site "SchemingMind.com"]
[Date "2011.08.29"]
[Round "-"]
[White "otsenrechess"]
[Black "Milan"]
[Result "0-1"]
[WhiteCountry "HUN"]
[BlackCountry "CZE"]
[WhiteElo "2315"]
[WhiteRD "53"]
[BlackElo "1954"]
[BlackRD "66"]
[GameID "291815"]

1. e4 c5 2. Nf3 Nc6 3. Bb5 a6 4. Bxc6 bxc6 5. O-O g6 6. d4 cxd4 7. Qxd4 Nf6 8. Nc3 Bg7 9. e5 Ng8 10. Bf4 e6
11. Ne4 d5 12. Nd6+ Qxd6 13. exd6 Bxd4 14. Nxd4 Bd7 15. Rfe1 c5
0-1

[Event "August 2011"]
[Site "SchemingMind.com"]
[Date "2011.09.01"]
[Round "-"]
[White "michel"]
[Black "Milan"]
[Result "0-1"]
[WhiteCountry "CAN"]
[BlackCountry "CZE"]
[WhiteElo "1865"]
[WhiteRD "61"]
[BlackElo "1954"]
[BlackRD "66"]
[GameID "291917"]

1. Nf3 c5 2. c4 g6 3. e4 Bg7 4. d4 cxd4 5. Nxd4 Nc6 6. Nc2 Nf6 7. Nc3 O-O 8. Be2 d6 9. O-O e6 10. Bg5 Qa5
11. Be3 a6 12. Rb1 Qd8 13. Qd2 Ne8 14. Bh6 f5 15. exf5 exf5 16. Bf3 Be6
0-1

[Event "August 2011"]
[Site "SchemingMind.com"]
[Date "2011.09.01"]
[Round "-"]
[White "michel"]
[Black "Scooter"]
[Result "0-1"]
[WhiteCountry "CAN"]
[BlackCountry "USA"]
[WhiteElo "1865"]
[WhiteRD "61"]
[BlackElo "1861"]
[BlackRD "57"]
[GameID "291919"]

1. Nf3 Nf6 2. c4 e6 3. g3 d5 4. Bg2 Be7 5. O-O O-O 6. d4 Nbd7 7. Qc2 c6 8. b3 b6 9. Rd1 Bb7 10. Nc3 dxc4
11. bxc4 Qc7 12. Bf4 Bd6 13. Bxd6 Qxd6 14. e4 Qe7 15. Rd2 e5 16. d5 cxd5 17. cxd5 Rac8 18. Qb2 Rxc3 19. Qxc3 Nxe4 20. Qd3 Nxd2
21. Qxd2 Qd6 22. Rd1 Nf6 23. Qb2 Re8 24. Ng5 h6 25. Ne4 Nxe4 26. Bxe4 Rc8
0-1

[Event "August 2011"]
[Site "SchemingMind.com"]
[Date "2011.09.01"]
[Round "-"]
[White "michel"]
[Black "ramesse"]
[Result "0-1"]
[WhiteCountry "CAN"]
[BlackCountry "SVK"]
[WhiteElo "1865"]
[WhiteRD "61"]
[BlackElo "2171"]
[BlackRD "61"]
[GameID "291922"]

1. Nf3 Nf6 2. c4 d5 3. cxd5 Nxd5 4. e4 Nb6 5. d4 g6 6. h3 Bg7 7. Nc3 O-O 8. Be2 Nc6 9. Be3 f5 10. exf5 Bxf5
11. d5 Bxc3+ 12. bxc3 Qxd5
0-1

[Event "August 2011"]
[Site "SchemingMind.com"]
[Date "2011.09.01"]
[Round "-"]
[White "Milan"]
[Black "michel"]
[Result "1-0"]
[WhiteCountry "CZE"]
[BlackCountry "CAN"]
[WhiteElo "1954"]
[WhiteRD "66"]
[BlackElo "1865"]
[BlackRD "61"]
[GameID "291924"]

1. f4 d5 2. Nf3 Nf6 3. e3 Bg4 4. Be2 Nbd7 5. O-O Bxf3 6. Bxf3 e5 7. fxe5 Nxe5 8. Nc3 Nxf3+ 9. Qxf3 Bd6 10. d3 O-O
11. e4 dxe4 12. Nxe4 Nxe4 13. Qxe4 c6 14. Bf4 Qb6+ 15. Kh1 Rae8 16. Qa4
1-0

[Event "August 2011"]
[Site "SchemingMind.com"]
[Date "2011.09.01"]
[Round "-"]
[White "Scooter"]
[Black "michel"]
[Result "1-0"]
[WhiteCountry "USA"]
[BlackCountry "CAN"]
[WhiteElo "1861"]
[WhiteRD "57"]
[BlackElo "1865"]
[BlackRD "61"]
[GameID "291926"]

1. d4 Nf6 2. Nf3 c5 3. c4 cxd4 4. Nxd4 e5 5. Nb5 d5 6. cxd5 Bc5 7. N5c3 O-O 8. e3 e4 9. Bc4 Qe7 10. O-O Rd8
11. Qe2 Nbd7 12. Nd2 Nb6 13. a3 Bg4 14. f3 exf3 15. Nxf3 Nxc4 16. Qxc4 Bxe3+ 17. Bxe3 Qxe3+ 18. Kh1 Rac8 19. Qb5 b6 20. Rae1 Qc5
21. Qa6 Rc7 22. Nb5 Rcd7 23. d6 Bxf3 24. Rxf3 Ne4 25. h3 h6 26. Rxe4
1-0

[Event "August 2011"]
[Site "SchemingMind.com"]
[Date "2011.09.01"]
[Round "-"]
[White "ramesse"]
[Black "michel"]
[Result "1-0"]
[WhiteCountry "SVK"]
[BlackCountry "CAN"]
[WhiteElo "2171"]
[WhiteRD "61"]
[BlackElo "1865"]
[BlackRD "61"]
[GameID "291929"]

1. e4 e5 2. Nf3 Nc6 3. Bb5 a6 4. Ba4 Nge7 5. O-O g6 6. c3 Bg7 7. d4 exd4 8. cxd4 b5 9. Bb3 O-O 10. Nc3 d6
11. Nd5 h6 12. Nxe7+ Nxe7 13. Be3 Kh7 14. Rc1
1-0

[Event "August 2011"]
[Site "SchemingMind.com"]
[Date "2011.09.01"]
[Round "-"]
[White "mmccaffe"]
[Black "Milan"]
[Result "0-1"]
[WhiteCountry "USA"]
[BlackCountry "CZE"]
[WhiteElo "1668"]
[WhiteRD "48"]
[BlackElo "1954"]
[BlackRD "66"]
[GameID "292014"]

1. e4 c5 2. Nf3 Nc6 3. d4 cxd4 4. Nxd4 g6 5. c4 Bg7 6. Be3 Nf6 7. Nc3 O-O 8. Be2 Nxd4 9. Bxd4 e6 10. O-O a6
11. f3 b6 12. Qd2 Bb7 13. Rac1 Rc8 14. b3 d5 15. exd5 exd5 16. cxd5 Nxd5 17. Nxd5 Qxd5
0-1

[Event "August 2011"]
[Site "SchemingMind.com"]
[Date "2011.09.01"]
[Round "-"]
[White "mmccaffe"]
[Black "Luki212"]
[Result "0-1"]
[WhiteCountry "USA"]
[BlackCountry "SVK"]
[WhiteElo "1628"]
[WhiteRD "50"]
[BlackElo "1979"]
[BlackRD "85"]
[GameID "292015"]

1. e4 e5 2. Nf3 Nc6 3. Bb5 a6 4. Ba4 d6 5. Bxc6+ bxc6 6. O-O Be7 7. d4 exd4 8. Nxd4 Bd7 9. Nc3 Nf6 10. Be3 O-O
11. Qd2 Ng4
0-1

[Event "August 2011"]
[Site "SchemingMind.com"]
[Date "2011.09.01"]
[Round "-"]
[White "mmccaffe"]
[Black "Scooter"]
[Result "0-1"]
[WhiteCountry "USA"]
[BlackCountry "USA"]
[WhiteElo "1668"]
[WhiteRD "48"]
[BlackElo "1861"]
[BlackRD "57"]
[GameID "292016"]

1. e4 c6 2. d4 d5 3. Nc3 dxe4 4. Nxe4 Bf5 5. Ng3 Bg6 6. Nf3 Nd7 7. Bd3 Bxd3 8. Qxd3 Ngf6 9. O-O e6 10. c3 Be7
11. Re1 O-O 12. Be3 c5 13. Rad1 Qc7 14. Ne5 Rfd8 15. Nxd7 Rxd7 16. Qc2 cxd4 17. Rxd4 Rxd4 18. Bxd4 Rd8
0-1

[Event "August 2011"]
[Site "SchemingMind.com"]
[Date "2011.09.04"]
[Round "-"]
[White "mmccaffe"]
[Black "Nate_Young"]
[Result "0-1"]
[WhiteCountry "USA"]
[BlackCountry "AUS"]
[WhiteElo "1668"]
[WhiteRD "48"]
[BlackElo "2093"]
[BlackRD "91"]
[GameID "292017"]

1. e4 c5 2. Nf3 d6 3. d4 cxd4 4. Nxd4 Nf6 5. Nc3 a6 6. Be2 e5 7. Nb3 Be7 8. a4 Nc6 9. Be3 O-O 10. O-O Be6
11. f3 Nb4
0-1

[Event "August 2011"]
[Site "SchemingMind.com"]
[Date "2011.09.01"]
[Round "-"]
[White "mmccaffe"]
[Black "ramesse"]
[Result "0-1"]
[WhiteCountry "USA"]
[BlackCountry "SVK"]
[WhiteElo "1668"]
[WhiteRD "48"]
[BlackElo "2171"]
[BlackRD "61"]
[GameID "292019"]

1. e4 c5 2. Nf3 d6 3. d4 cxd4 4. Nxd4 Nf6 5. Nc3 a6 6. Bc4 e6 7. Bb3 Nbd7 8. O-O Nc5 9. Be3 Be7 10. f3 Bd7
11. Qe1 O-O 12. Qf2 Qc7 13. Rfd1 Rac8 14. Kh1 b5 15. g4 b4 16. Nce2 Nxb3 17. cxb3 Qb7
0-1

[Event "August 2011"]
[Site "SchemingMind.com"]
[Date "2011.09.01"]
[Round "-"]
[White "Milan"]
[Black "mmccaffe"]
[Result "1-0"]
[WhiteCountry "CZE"]
[BlackCountry "USA"]
[WhiteElo "1954"]
[WhiteRD "66"]
[BlackElo "1668"]
[BlackRD "48"]
[GameID "292022"]

1. f4 d5 2. Nf3 Nf6 3. e3 c5 4. Be2 Nc6 5. O-O e6 6. d3 Be7 7. Nc3 O-O 8. Bd2 a6 9. a3 b5 10. Rb1 Bb7
11. Ne5 Nd7 12. Nxc6 Bxc6 13. Bf3 Qc7 14. g3 Nb6 15. Ne2 c4 16. Ba5 Bb7 17. dxc4
1-0

[Event "August 2011"]
[Site "SchemingMind.com"]
[Date "2011.09.01"]
[Round "-"]
[White "Luki212"]
[Black "mmccaffe"]
[Result "1-0"]
[WhiteCountry "SVK"]
[BlackCountry "USA"]
[WhiteElo "1979"]
[WhiteRD "86"]
[BlackElo "1668"]
[BlackRD "48"]
[GameID "292023"]

1. Nf3 Nf6 2. d4 g6 3. c4 d5 4. cxd5 Nxd5 5. g3 Bg7 6. Bg2 O-O 7. O-O c6 8. e4 Nb6 9. Qc2 N8d7 10. Nc3 e5
11. Bg5
1-0

[Event "August 2011"]
[Site "SchemingMind.com"]
[Date "2011.09.01"]
[Round "-"]
[White "Scooter"]
[Black "mmccaffe"]
[Result "1-0"]
[WhiteCountry "USA"]
[BlackCountry "USA"]
[WhiteElo "1861"]
[WhiteRD "57"]
[BlackElo "1668"]
[BlackRD "48"]
[GameID "292024"]

1. d4 d5 2. Nf3 Nf6 3. Bf4 e6 4. h3 c5 5. e3 Nc6 6. c3 Bd6 7. Bxd6 Qxd6 8. Bb5 Bd7 9. O-O a6 10. Ba4 b5
11. Bc2 O-O 12. Nbd2 cxd4 13. cxd4 Nb4 14. Ne5 Nxc2 15. Qxc2 Rac8 16. Qd3 b4 17. Nxd7 Qxd7 18. Qxa6 Rc2 19. Nb3
1-0

[Event "August 2011"]
[Site "SchemingMind.com"]
[Date "2011.09.01"]
[Round "-"]
[White "ramesse"]
[Black "mmccaffe"]
[Result "1-0"]
[WhiteCountry "SVK"]
[BlackCountry "USA"]
[WhiteElo "2171"]
[WhiteRD "61"]
[BlackElo "1668"]
[BlackRD "48"]
[GameID "292027"]

1. e4 e5 2. Nf3 Nc6 3. Bb5 a6 4. Ba4 Nf6 5. O-O Be7 6. Re1 b5 7. Bb3 d6 8. c3 O-O 9. h3 Bb7 10. d4 Re8
11. Nbd2 Na5 12. dxe5 Nd7 13. e6 fxe6 14. Bxe6+ Kh8 15. Nb3 Nxb3 16. axb3 Nc5 17. Bd5
1-0

[Event "August 2011"]
[Site "SchemingMind.com"]
[Date "2011.09.01"]
[Round "-"]
[White "Jari Laine"]
[Black "Milan"]
[Result "1-0"]
[WhiteCountry "FIN"]
[BlackCountry "CZE"]
[WhiteElo "2246"]
[WhiteRD "97"]
[BlackElo "1940"]
[BlackRD "68"]
[GameID "292049"]

1. e4 c5 2. Nf3 Nc6 3. d4 cxd4 4. Nxd4 g6 5. Nc3 Bg7 6. Be3 Nf6 7. Bc4 O-O 8. Bb3 a5 9. O-O Nxd4 10. Bxd4 d6
11. Qe2 Bd7 12. Rad1 a4 13. Bc4 Bc6 14. e5 dxe5 15. Bxe5 Qc8 16. Rfe1 Rd8 17. Rxd8+ Qxd8 18. h3 e6 19. Rd1 Qa5 20. Bb5 Bxb5
21. Nxb5 Nd5 22. c4 Nf6 23. Qf3 Ne8 24. Bxg7 Kxg7 25. Qxb7 Rd8 26. Rxd8 Qxd8 27. Qf3 Kg8 28. g3 Qd2 29. Qa8
1-0

[Event "August 2011"]
[Site "SchemingMind.com"]
[Date "2011.09.05"]
[Round "-"]
[White "Jari Laine"]
[Black "Luki212"]
[Result "1-0"]
[WhiteCountry "FIN"]
[BlackCountry "SVK"]
[WhiteElo "2246"]
[WhiteRD "97"]
[BlackElo "1979"]
[BlackRD "85"]
[GameID "292050"]

1. e4 e5 2. Nf3 Nc6 3. d4 exd4 4. Nxd4 Nf6 5. Nxc6 bxc6 6. e5 Qe7 7. Qe2 Nd5 8. c4 Ba6 9. b3 g6 10. f4 d6
11. Qf3 dxe5 12. cxd5 exf4+ 13. Kd1 Bxf1 14. Rxf1 O-O-O 15. Nc3 Bg7 16. Bd2
1-0

[Event "August 2011"]
[Site "SchemingMind.com"]
[Date "2011.09.01"]
[Round "-"]
[White "Jari Laine"]
[Black "Scooter"]
[Result "1-0"]
[WhiteCountry "FIN"]
[BlackCountry "USA"]
[WhiteElo "2148"]
[WhiteRD "118"]
[BlackElo "1861"]
[BlackRD "57"]
[GameID "292051"]

1. e4 c6 2. d4 d5 3. Nc3 dxe4 4. Nxe4 Bf5 5. Ng3 Bg6 6. Bc4 e6 7. N1e2 Nf6 8. O-O Bd6 9. f4 O-O 10. f5 exf5
11. Nxf5 Bxf5 12. Rxf5 Re8 13. Bg5 Nbd7 14. Qd3 g6 15. Rf3 Bxh2+ 16. Kxh2 Ng4+ 17. Kg1 Qxg5 18. Bxf7+ Kg7 19. Bxe8 Rxe8 20. Raf1 Ndf6
21. Nf4 Qh4 22. Rh3 Qg5 23. Qb3
1-0

[Event "August 2011"]
[Site "SchemingMind.com"]
[Date "2011.09.04"]
[Round "-"]
[White "Jari Laine"]
[Black "Nate_Young"]
[Result "1-0"]
[WhiteCountry "FIN"]
[BlackCountry "AUS"]
[WhiteElo "2254"]
[WhiteRD "88"]
[BlackElo "1967"]
[BlackRD "84"]
[GameID "292052"]

1. e4 c5 2. Nf3 d6 3. d4 cxd4 4. Nxd4 Nf6 5. Nc3 g6 6. Be3 Bg7 7. f3 Nc6 8. Qd2 O-O 9. Bc4 Bd7 10. O-O-O Rc8
11. Bb3 Ne5 12. h4 h5 13. Kb1 Nc4 14. Bxc4 Rxc4 15. Nde2 b5 16. Bg5 b4 17. Bxf6 Bxf6 18. Nd5 Bg7 19. b3 Rc5 20. Nxb4 a5
21. Nd5 Be6 22. Ndf4 Bc4 23. Nc1 a4 24. Nfd3 Rb5 25. Nb2 axb3 26. cxb3 Be6 27. a4 Rxb3 28. Nxb3
1-0

[Event "August 2011"]
[Site "SchemingMind.com"]
[Date "2011.09.06"]
[Round "-"]
[White "Jari Laine"]
[Black "mugen9x9"]
[Result "1-0"]
[WhiteCountry "FIN"]
[BlackCountry "JPN"]
[WhiteElo "2254"]
[WhiteRD "88"]
[BlackElo "1856"]
[BlackRD "82"]
[GameID "292053"]

1. g4 d5 2. Bg2 e5 3. c4 dxc4 4. Qc2 Qd4 5. Nf3 Qxg4 6. Rg1 Nc6 7. h3 Qf5 8. Qxc4 Be6 9. Qa4 e4 10. Nd4 Qc5
11. Nc2 O-O-O 12. Nc3 f5 13. d3 exd3 14. Be3 Qc4 15. Bxc6 bxc6 16. Nd4 Qxa4 17. Nxa4 Re8 18. Rc1 Bxa2 19. Nc5 Bxc5 20. Rxc5 g6
21. Rxc6 Ne7 22. Ra6 Bf7 23. Rxa7 Nd5 24. Bh6
1-0

[Event "August 2011"]
[Site "SchemingMind.com"]
[Date "2011.09.01"]
[Round "-"]
[White "Jari Laine"]
[Black "ramesse"]
[Result "0-1"]
[WhiteCountry "FIN"]
[BlackCountry "SVK"]
[WhiteElo "2234"]
[WhiteRD "84"]
[BlackElo "2282"]
[BlackRD "64"]
[GameID "292054"]

1. e4 c5 2. Nf3 d6 3. d4 cxd4 4. Nxd4 Nf6 5. Nc3 a6 6. Be3 e5 7. Nb3 Be6 8. f3 Be7 9. Qd2 O-O 10. O-O-O Nbd7
11. g4 b5 12. g5 Nh5 13. Nd5 Bxd5 14. exd5 f6 15. gxf6 Bxf6 16. Na5 Qe8 17. Rg1 Nf4 18. Qb4 Bd8 19. Nc6 Bc7 20. c4 Qh5
21. Rg3 Bb6 22. Ne7+ Kh8 23. Bxf4 Bc5 24. Qe1 Rxf4 25. Ng6+ hxg6 26. Rh3 bxc4 27. Rxh5+ gxh5 28. Qc3 Rb8 29. Bxc4 Bd4 30. Rxd4 Rxd4
31. Bxa6 Nc5 32. Be2 Kh7 33. Bc4 g6 34. b3 Ra8 35. Kb1 Ra7 36. Qc2= Rf7 37. Qe2 Kg7 38. a3 Rdf4 39. b4 Nd7 40. Bd3 Rxf3
41. Qe4 Nf8 42. Qc4 Rh3 43. b5 Rxh2 44. b6 Nd7 45. Qc1 Rh3
0-1

[Event "August 2011"]
[Site "SchemingMind.com"]
[Date "2011.09.02"]
[Round "-"]
[White "Jari Laine"]
[Black "otsenrechess"]
[Result "1-0"]
[WhiteCountry "FIN"]
[BlackCountry "HUN"]
[WhiteElo "2241"]
[WhiteRD "68"]
[BlackElo "1823"]
[BlackRD "45"]
[GameID "292055"]

1. e4 c6 2. d4 d5 3. exd5 cxd5 4. c4 Nf6 5. Nc3 Nc6 6. Nf3 g6 7. cxd5 Nxd5 8. Bb5 Bg7 9. Qb3 a6 10. Bxc6+ bxc6
11. O-O Be6 12. Re1 O-O 13. Bg5 Rb8 14. Qa3 Nb4 15. Rac1 Re8 16. Bf4 Rb7 17. Be5 Bh6 18. Rb1 Bf5 19. Rbd1 a5 20. Qa4 Bc2
21. b3 Bxd1 22. Rxd1 Rd7 23. a3 Nd5 24. Ne4 Qb6 25. Qc4 Qb5 26. Qc2 Rdd8 27. Re1 f6 28. Bg3 Bf8 29. Nfd2 f5 30. Nc5 e5
31. Bxe5 Nf4 32. Nce4 fxe4 33. Bxf4 Rxd4 34. a4 Qd5 35. Nf1 Rd3 36. Ne3 Qe6 37. Nc4 Bb4 38. Rb1 Qf5 39. g3 Red8 40. Ne3 Qe6
41. Nc4 Bc3 42. Rf1 R8d5 43. Ne3 Rc5 44. Nc4 Qg4 45. Ne3 Qh3 46. Qe2 Bd2 47. Rd1
1-0

[Event "August 2011"]
[Site "SchemingMind.com"]
[Date "2011.09.01"]
[Round "-"]
[White "Jari Laine"]
[Black "michel"]
[Result "1/2-1/2"]
[WhiteCountry "FIN"]
[BlackCountry "CAN"]
[WhiteElo "2148"]
[WhiteRD "118"]
[BlackElo "1865"]
[BlackRD "61"]
[GameID "292056"]

1. e4 e5 2. Nf3 Nc6 3. d4 exd4 4. Nxd4 Bc5 5. Nxc6 Qf6 6. Qf3 dxc6 7. Bc4 Qxf3 8. gxf3 Ne7 9. Be3 Bxe3 10. fxe3 Be6
11. Bxe6 fxe6 12. Ke2 O-O-O 13. Nd2=
1/2-1/2

[Event "August 2011"]
[Site "SchemingMind.com"]
[Date "2011.09.01"]
[Round "-"]
[White "Milan"]
[Black "Jari Laine"]
[Result "0-1"]
[WhiteCountry "CZE"]
[BlackCountry "FIN"]
[WhiteElo "1940"]
[WhiteRD "68"]
[BlackElo "2246"]
[BlackRD "97"]
[GameID "292058"]

1. f4 d5 2. Nf3 g6 3. e3 Bg7 4. Be2 Nf6 5. O-O O-O 6. d3 c5 7. Nc3 d4 8. exd4 cxd4 9. Ne4 Nd5 10. Bd2 f5
11. Nc5 Qd6 12. Nb3 Nxf4 13. Bxf4 Qxf4 14. Kh1 Qd6 15. Re1 Nc6 16. Bf1 Be6 17. Ng5 Bd5 18. Nf3 Rad8 19. Be2 e5 20. Nbd2 e4
21. dxe4 fxe4 22. Ng1 e3 23. Ndf3 g5
0-1

[Event "August 2011"]
[Site "SchemingMind.com"]
[Date "2011.09.01"]
[Round "-"]
[White "Luki212"]
[Black "Jari Laine"]
[Result "0-1"]
[WhiteCountry "SVK"]
[BlackCountry "FIN"]
[WhiteElo "2012"]
[WhiteRD "91"]
[BlackElo "2189"]
[BlackRD "77"]
[GameID "292059"]

1. e4 e5 2. Nf3 Nc6 3. Bb5 a6 4. Ba4 Nf6 5. O-O Be7 6. Re1 b5 7. Bb3 O-O 8. a4 b4 9. a5 d6 10. h3 Be6
11. Bxe6 fxe6 12. d3 Nd7 13. Nbd2 Qe8 14. Nc4 Qg6 15. c3 Rab8 16. Be3 d5 17. Qa4 Rb5 18. Ncd2 bxc3 19. bxc3 Nc5 20. Qc2 dxe4
21. dxe4 Nb3 22. Rab1 Ncxa5 23. Qa2 Nxd2 24. Nxd2 Nb7 25. Qxa6 Rxb1 26. Rxb1 Nd6 27. c4 Bg5 28. Rb3 Bf4 29. c5 Nxe4 30. Nxe4 Qxe4
31. Qxe6+ Kh8 32. Bxf4 Qxf4 33. Qe7 Qxf2+ 34. Kh2 Qf4+ 35. Rg3 g6 36. Qxc7 h5 37. Qe7 h4 38. Qxf8+ Qxf8 39. Rc3 Qf4+ 40. Kh1= Qa4
41. Rc1 Qc6
0-1

[Event "August 2011"]
[Site "SchemingMind.com"]
[Date "2011.09.02"]
[Round "-"]
[White "Scooter"]
[Black "Jari Laine"]
[Result "0-1"]
[WhiteCountry "USA"]
[BlackCountry "FIN"]
[WhiteElo "1806"]
[WhiteRD "55"]
[BlackElo "2246"]
[BlackRD "97"]
[GameID "292060"]

1. d4 d5 2. Nf3 Nc6 3. Bf4 Bg4 4. e3 e6 5. Be2 Bd6 6. Bxd6 cxd6 7. c3 Nf6 8. Nbd2 O-O 9. O-O a6 10. h3 Bh5
11. Re1 h6 12. Qc2 Qc7 13. e4 Bxf3 14. Bxf3 Nxd4 15. Qd1 Nxf3+ 16. Qxf3 Rfe8 17. Rac1 Qa5 18. a3 Qb5 19. Rb1 a5 20. exd5 exd5
21. b3 Rxe1+ 22. Rxe1 Re8 23. Rxe8+ Qxe8 24. Kf1 Qe5 25. Qe3 Ne4 26. f3 Nxc3
0-1

[Event "August 2011"]
[Site "SchemingMind.com"]
[Date "2011.09.04"]
[Round "-"]
[White "Nate_Young"]
[Black "Jari Laine"]
[Result "0-1"]
[WhiteCountry "AUS"]
[BlackCountry "FIN"]
[WhiteElo "1967"]
[WhiteRD "84"]
[BlackElo "2254"]
[BlackRD "88"]
[GameID "292061"]

1. e4 e5 2. f4 Bc5 3. Nf3 d6 4. c3 Bb6 5. fxe5 dxe5 6. a4 a6 7. Na3 Nc6 8. Nc4 Nf6 9. d3 O-O 10. Nxb6 cxb6
11. Be2 h6 12. O-O Be6 13. Qe1 b5 14. axb5 Qb6+ 15. Kh1 axb5 16. Rxa8 Rxa8 17. Qg3 Nh5 18. Qh4 Nf4 19. Bxf4 exf4 20. Qxf4 Ra2
21. d4 Rxb2 22. Bd3 Ne7 23. d5 Bc8 24. Nd4 Qg6 25. Bc2 b4 26. cxb4 Rxb4 27. d6 Nc6
0-1

[Event "August 2011"]
[Site "SchemingMind.com"]
[Date "2011.09.06"]
[Round "-"]
[White "mugen9x9"]
[Black "Jari Laine"]
[Result "0-1"]
[WhiteCountry "JPN"]
[BlackCountry "FIN"]
[WhiteElo "1856"]
[WhiteRD "82"]
[BlackElo "2254"]
[BlackRD "88"]
[GameID "292062"]

1. d4 Nf6 2. Nf3 e6 3. Nc3 d5 4. Bf4 Bb4 5. Qd3 O-O 6. a3 Bd6 7. e3 b6 8. b4 c5 9. Bxd6 Qxd6 10. e4 Qe7
11. e5 Nfd7 12. Qe3 cxb4 13. axb4 Qxb4 14. Be2 a5 15. O-O Qe7 16. Nb5 Ba6 17. c3 Nc6 18. Rfe1 h6 19. Ra2 Bxb5 20. Bxb5 Rfc8
21. Rb1 Qd8
0-1

[Event "August 2011"]
[Site "SchemingMind.com"]
[Date "2011.09.01"]
[Round "-"]
[White "ramesse"]
[Black "Jari Laine"]
[Result "1-0"]
[WhiteCountry "SVK"]
[BlackCountry "FIN"]
[WhiteElo "2250"]
[WhiteRD "65"]
[BlackElo "2254"]
[BlackRD "88"]
[GameID "292063"]

1. e4 e5 2. Nf3 Nc6 3. Bb5 a6 4. Ba4 Nf6 5. O-O Be7 6. Re1 b5 7. Bb3 d6 8. c3 O-O 9. h3 Na5 10. Bc2 c5
11. d4 Qc7 12. Nbd2 Nc6 13. d5 Nd8 14. a4 Rb8 15. axb5 axb5 16. b4 Bd7 17. bxc5 Qxc5 18. Ba3 Qxc3 19. Re3 Qc7 20. Bb4 Rc8
21. Rc3 Qb6 22. Rxc8 Bxc8 23. Bd3 Nh5 24. Qc2 Nf4 25. Bf1 Nb7 26. Qc6 Qxc6 27. dxc6 Nc5 28. Ra7 Ncd3 29. Rxe7 Nxb4 30. Bxb5 f6
31. g3 Ng6 32. Ra7 Be6 33. Ne1 Rc8 34. c7 d5 35. Nd3 Nxd3 36. exd5 Bxd5 37. Bxd3 Ne7 38. Nc4
1-0